| 000 | 00472 a2200169 4500 | ||
|---|---|---|---|
| 005 | 20250416130728.0 | ||
| 020 | _a978-0-07-337962-3 | ||
| 082 | _a657.96 DOU | ||
| 100 | _aDOUPNIK, T. | ||
| 245 | _aInternational Accounting. | ||
| 250 | _a2nd Ed. | ||
| 260 |
_aNew York, _bMacgraw- Hill Irwin, _c2009. |
||
| 300 |
_axvi,640p.:Ill.;figures _bIndex _c25cm. |
||
| 700 | _aPERERA, H. | ||
| 856 |
_yAccess Online Book _fInternational Accounting _dwww.mhhe.com |
||
| 942 |
_2ddc _cBKS |
||
| 999 |
_c1526 _d1526 |
||